000 01307nam0a22002651 4500
001 rc\2300250
005 20110829140524.2
035 _a(NLR Aleph) 006467781
090 _a5903249
_c5903249
100 _a20110829d1977 |||y0rusy50 ca
101 0 _arus
102 _aRU
105 _ay z |||||
200 1 _aЖитомирщина в десятой пятилетке
_e(Метод. материалы и рекомендации в помощь пропагандистам системы полит. просвещения, экон. образования, лекторам, политинформаторам)
_fДом полит. просвещения Житомир. обкома Компартии Украины. Житомир. обл. орг. о-ва "Знание"
210 _aЖитомир
_cБ. и.
_d1977
215 _a71 с.
_d21
300 _aНа обороте тит. л.: подгот.: Г.П. Мокрицкий
320 _aБиблиогр.: с. 21
702 1 _aМокрицкий
_bГ. П.
_gГеоргий Павлович
_4570
712 0 2 _aЖитомирский обл. дом политического просвещения
_3RU\NLR\AUTH\8810166955
801 0 _aRU
_bNLR
_gpsbo
801 1 _aRU
_bELAR
_2rusmarc
852 _aNLR
_j78-4/2217
942 _cBOOK
980 _aNB